000 00298nam a22001337a 4500
008 170918b xxu||||| |||| 00| 0 eng d
020 _a0139435330
041 _aeng
080 _a7
100 _a44
101 _aART
245 _aTHE VISUAL ARTS A HISTORY
_cFLEMING.J
942 _2udc
_cBK
999 _c27861
_d27861